[Event "Hart House Reading Week op U1600"]
[Site "Toronto CAN"]
[Date "2012.02.20"]
[Round "5"]
[White "Kaneshalingam, Mathanhe"]
[Black "Hassain, Mahmud"]
[Result "1-0"]
[WhiteElo "1009"]
[BlackElo "1348"]
[PlyCount "133"]
[GameId "2160767909576296"]
[EventDate "2012.02.18"]
[EventType "swiss"]
[EventRounds "6"]
[EventCountry "CAN"]

1. d4 Nf6 2. c4 e6 3. Nc3 Bb4 4. e3 d5 5. Bd3 Bxc3+ 6. bxc3 O-O 7. Nf3 Nc6 8. O-O Re8 9. Re1 e5 10. dxe5 Nxe5 11. Nxe5 Rxe5 12. Qc2 b6 13. Bb2 Ba6 14. cxd5 Bxd3 15. Qxd3 Rxd5 16. Qc4 b5 17. Qf4 Nh5 18. Qf3 c6 19. e4 Rc5 20. e5 Qg5 21. Bc1 Qh4 22. g4 Rc4 23. h3 Ng3 24. Qxg3 Qxg3+ 25. fxg3 Rxc3 26. Kf2 Rd8 27. Be3 a6 28. Rad1 Rcd3 29. Rxd3 Rxd3 30. Kf3 c5 31. Ke2 c4 32. Rd1 Rxd1 33. Kxd1 Kf8 34. Kc2 Ke7 35. Kc3 Ke6 36. Bf4 a5 37. h4 Kd5 38. a3 Ke4 39. g5 Kd5 40. h5 g6 41. h6 Ke4 42. a4 bxa4 43. Kxc4 a3 44. Kb3 a2 45. Kxa2 Kd5 46. Ka3 Kc5 47. Ka4 Kc6 48. Kxa5 Kc5 49. Ka4 Kc4 50. Ka3 Kc3 51. Ka2 Kc2 52. Ka1 Kb3 53. Kb1 Kc3 54. Ka2 Kc2 55. Ka3 Kc3 56. Ka4 Kc4 57. Ka5 Kc5 58. Ka6 Kc6 59. Ka7 Kd7 60. Kb7 Kd8 61. Kc6 Ke7 62. Kc7 Ke8 63. Kd6 Kd8 64. e6 fxe6 65. Kxe6 Ke8 66. Bd6 Kd8 67. Kf7 1-0

[Event "Hart House Reading Week op U1600"]
[Site "Toronto CAN"]
[Date "2012.02.20"]
[Round "5"]
[White "Kaneshalingam, Mathanhe"]
[Black "Pishdad, Hassan"]
[Result "1-0"]
[WhiteElo "1009"]
[BlackElo "1348"]
[PlyCount "96"]
[GameId "2160767909576297"]
[EventDate "2012.02.18"]
[EventType "swiss"]
[EventRounds "6"]
[EventCountry "CAN"]

1. d4 Nf6 2. c4 e6 3. Nc3 Bb4 4. e3 d5 5. Bd3 Bxc3+ 6. bxc3 O-O 7. Nf3 Nc6 8. O-O Re8 9. Re1 e5 10. dxe5 Nxe5 11. Nxe5 Rxe5 12. Qc2 b6 13. Bb2 Ba6 14. cxd5 Bxd3 15. Qxd3 Rxd5 16. Qc4 b5 17. Qf4 Nh5 18. Qf3 c6 19. e4 Rc5 20. e5 Qg5 21. Bc1 Qh4 22. g4 Rc4 23. h3 Ng3 24. Qxg3 Qxg3+ 25. fxg3 Rxc3 26. Kf2 Rd8 27. Be3 a6 28. Rad1 Rcd3 29. Rxd3 Rxd3 30. Kf3 c5 31. Ke2 c4 32. Rd1 Rxd1 33. Kxd1 Kf8 34. Kc2 Ke7 35. Kc3 Ke6 36. Bf4 a5 37. h4 Kd5 38. a3 Ke4 39. g5 Kd5 40. h5 g6 41. h6 Ke4 42. a4 bxa4 43. Kxc4 a3 44. Kb3 a2 45. Kxa2 Kd5 46. Ka3 Kc5 47. Ka4 Kc6 48. Kxa5 Kc5 1-0

[Event "Hart House Reading Week op U1900"]
[Site "Toronto CAN"]
[Date "2012.02.18"]
[Round "2"]
[White "Philip, Andrew"]
[Black "Nemati, Omid"]
[Result "1-0"]
[WhiteElo "1679"]
[BlackElo "1761"]
[PlyCount "41"]
[GameId "2160767909576298"]
[EventDate "2012.02.18"]
[EventType "swiss"]
[EventRounds "6"]
[EventCountry "CAN"]

1. d4 d5 2. Bg5 Nf6 3. Bxf6 gxf6 4. e3 Rg8 5. g3 h6 6. Bg2 c6 7. Nd2 Bg4 8. Qc1 Nd7 9. Ngf3 Bg7 10. O-O Qc7 11. c4 dxc4 12. Nxc4 O-O-O 13. Qc2 Bh5 14. Nh4 e6 15. Rfc1 f5 16. b4 a6 17. Rab1 Nf6 18. b5 axb5 19. Rxb5 Kd7 20. Rxb7 Qxb7 21. Bxc6+ 1-0

[Event "Hart House Reading Week op U1900"]
[Site "Toronto CAN"]
[Date "2012.02.18"]
[Round "2"]
[White "Yang, Yimang"]
[Black "Song, Eric"]
[Result "1/2-1/2"]
[WhiteElo "1732"]
[BlackElo "1674"]
[PlyCount "81"]
[GameId "2160767909576299"]
[EventDate "2012.02.18"]
[EventType "swiss"]
[EventRounds "6"]
[EventCountry "CAN"]

1. b4 e5 2. Bb2 d6 3. c4 Nf6 4. e3 a6 5. Nf3 Be7 6. Be2 O-O 7. O-O Bf5 8. Nc3 Nbd7 9. d4 exd4 10. exd4 Nb6 11. d5 Re8 12. Nd4 Bg6 13. a4 Ne4 14. a5 Nxc3 15. Bxc3 Nd7 16. Re1 Bf6 17. Qd2 h6 18. f4 Bh4 19. g3 Bf6 20. Bd3 Bxd4+ 21. Bxd4 Bxd3 22. Qxd3 Nf8 23. Qc3 f6 24. Rxe8 Qxe8 25. Re1 Qd7 26. Qe3 Kf7 27. Kf2 Re8 28. Qxe8+ Qxe8 29. Rxe8 Kxe8 30. Kf3 h5 31. Ke4 Kf7 32. b5 Nd7 33. h3 g6 34. g4 hxg4 35. hxg4 Ke7 36. bxa6 bxa6 37. g5 f5+ 38. Kd3 Nc5+ 39. Kc3 Ne4+ 40. Kb4 Kd7 41. Be3 1/2-1/2

[Event "Hart House Reading Week op U1900"]
[Site "Toronto CAN"]
[Date "2012.02.19"]
[Round "3"]
[White "Kurkowski, Ken"]
[Black "Maister, Martin"]
[Result "1/2-1/2"]
[WhiteElo "1598"]
[BlackElo "1727"]
[PlyCount "83"]
[GameId "2160767909576300"]
[EventDate "2012.02.18"]
[EventType "swiss"]
[EventRounds "6"]
[EventCountry "CAN"]

1. d4 c5 2. d5 d6 3. c4 Nf6 4. Nc3 g6 5. Nf3 Bg7 6. e4 O-O 7. Be2 Ne8 8. O-O Bg4 9. h3 Bxf3 10. Bxf3 Nd7 11. Bf4 Ne5 12. Be2 a6 13. Qd2 b6 14. Bh6 Bxh6 15. Qxh6 f6 16. f4 Nf7 17. Qh4 Ng7 18. Rae1 Qd7 19. Bg4 Qc7 20. Re2 g5 21. fxg5 fxg5 22. Qg3 Ne5 23. b3 Rxf1+ 24. Kxf1 Rf8+ 25. Rf2 Rxf2+ 26. Kxf2 Qd8 27. Be6+ Nxe6 28. dxe6 Qf8+ 29. Ke2 Qf6 30. Nd5 Qxe6 31. Qxg5+ Ng6 32. Ke3 Kg7 33. Nxb6 Kh8 34. Nd5 Qf7 35. Qf5 Qg7 36. g4 Qd4+ 37. Ke2 Qb2+ 38. Ke3 Qc1+ 39. Ke2 Qc2+ 40. Ke3 Qc1+ 41. Ke2 Qc2+ 42. Ke3 1/2-1/2

[Event "Hart House Reading Week op U1900"]
[Site "Toronto CAN"]
[Date "2012.02.19"]
[Round "4"]
[White "Zhong, Joey"]
[Black "Gillis, Doug"]
[Result "0-1"]
[WhiteElo "1451"]
[BlackElo "1612"]
[PlyCount "72"]
[GameId "2160767909576301"]
[EventDate "2012.02.18"]
[EventType "swiss"]
[EventRounds "6"]
[EventCountry "CAN"]

1. d4 e6 2. c4 Bb4+ 3. Bd2 Bxd2+ 4. Qxd2 Nf6 5. Nf3 d6 6. Nc3 O-O 7. e3 Nc6 8. Be2 Qe7 9. O-O-O e5 10. d5 Nb8 11. Ne1 a5 12. f3 Na6 13. g4 Nc5 14. Nd3 Nfd7 15. f4 exf4 16. exf4 Re8 17. Rde1 Qe3 18. Nb5 Rb8 19. Qxe3 Rxe3 20. Kd2 Re7 21. Bf3 Kf8 22. Rxe7 Kxe7 23. Re1+ Kf8 24. Nxc5 Nxc5 25. Nxc7 Bd7 26. Nb5 Bxb5 27. cxb5 Rc8 28. Rc1 b6 29. Rc4 f6 30. a3 Nb3+ 31. Kc3 Rxc4+ 32. Kxc4 Nd2+ 33. Kd3 Nxf3 34. h3 f5 35. gxf5 Kf7 36. Ke4 Nh4 0-1

[Event "Hart House Reading Week op U1900"]
[Site "Toronto CAN"]
[Date "2012.02.20"]
[Round "5"]
[White "Zhao, Yue Tong (Davy)"]
[Black "Xu, Jeffrey"]
[Result "0-1"]
[WhiteElo "1703"]
[BlackElo "1576"]
[PlyCount "124"]
[GameId "2160767909576302"]
[EventDate "2012.02.18"]
[EventType "swiss"]
[EventRounds "6"]
[EventCountry "CAN"]

1. e4 e5 2. Nf3 Nc6 3. Bc4 d6 4. Nc3 Be7 5. O-O Nf6 6. Re1 O-O 7. d4 Bg4 8. Be3 Bh5 9. d5 Nb8 10. a4 a5 11. Qe2 Nfd7 12. Rab1 f5 13. b4 b6 14. bxa5 Rxa5 15. Rb5 Rxb5 16. Bxb5 fxe4 17. Nxe4 Nf6 18. Qc4 Nxe4 19. Qxe4 Bxf3 20. gxf3 Bg5 21. Kh1 Qf6 22. Bxg5 Qxg5 23. Rg1 Qf5 24. Kg2 Rf6 25. Qxf5 Rxf5 26. a5 Rg5+ 27. Kf1 Rxg1+ 28. Kxg1 bxa5 29. Kf1 Kf7 30. Ke2 Ke7 31. Ke3 Nd7 32. Kd3 Nb6 33. c4 Kf6 34. Ke3 Kf5 35. Kd2 Kf4 36. Ke2 a4 37. c5 dxc5 38. Bd3 Nxd5 39. Bxh7 Nb4 40. Bg8 a3 41. Bf7 a2 42. Bxa2 Nxa2 43. Kd2 c4 44. Kc2 c5 45. Kb2 Nb4 46. Kc3 Kxf3 47. Kxc4 Na6 48. h4 Kxf2 49. h5 Kg3 50. h6 gxh6 51. Kd3 h5 52. Ke3 h4 53. Ke2 h3 54. Kd3 h2 55. Kc4 h1=Q 56. Kb5 Qb1+ 57. Kxa6 Qb4 58. Ka7 Kf4 59. Ka6 Ke4 60. Ka7 Kd5 61. Ka6 Kc6 62. Ka7 Qb7# 0-1

[Event "Hart House Reading Week op U2200"]
[Site "Toronto CAN"]
[Date "2012.02.18"]
[Round "1"]
[White "Armstrong, Robert J"]
[Black "Bzikot, Robert"]
[Result "1-0"]
[WhiteElo "1649"]
[BlackElo "1949"]
[PlyCount "91"]
[GameId "2160767909576303"]
[EventDate "2012.02.18"]
[EventType "swiss"]
[EventRounds "6"]
[EventCountry "CAN"]

1. g3 f5 2. Bg2 Nf6 3. c4 d6 4. Qb3 c6 5. d3 g6 6. Nc3 Bg7 7. Bg5 h6 8. Bxf6 Bxf6 9. e4 Nd7 10. f4 Qb6 11. Qxb6 axb6 12. exf5 gxf5 13. Nge2 Nc5 14. O-O-O Be6 15. Kb1 Na4 16. Rhe1 Nxc3+ 17. Nxc3 Kd7 18. Bh3 Ra5 19. Re2 Bf7 20. Ne4 Bd4 21. Rde1 e6 22. Nc3 Re8 23. g4 Bg6 24. gxf5 Bxf5 25. Bxf5 Rxf5 26. Re4 e5 27. Ne2 Bc5 28. d4 Bb4 29. Rg1 exd4 30. Rg7+ Kd8 31. Nxd4 Rxe4 32. Nxf5 Rxf4 33. Nxh6 Rxc4 34. Rxb7 Bc5 35. Rh7 d5 36. Nf7+ Ke8 37. Ne5 Re4 38. Rh8+ Ke7 39. Nxc6+ Kd6 40. Nd8 Bd4 41. Rh6+ Kd7 42. Nf7 Bc5 43. Rh5 d4 44. Ne5+ Ke6 45. Nd3 Be7 46. Kc2 1-0

[Event "Hart House Reading Week op U2200"]
[Site "Toronto CAN"]
[Date "2012.02.18"]
[Round "2"]
[White "Song, Michael"]
[Black "Armstrong, Robert J"]
[Result "1-0"]
[WhiteElo "2184"]
[BlackElo "1649"]
[PlyCount "63"]
[GameId "2160767909576304"]
[EventDate "2012.02.18"]
[EventType "swiss"]
[EventRounds "6"]
[EventCountry "CAN"]

1. d4 g6 2. Nf3 Bg7 3. c4 c5 4. d5 Qb6 5. Nc3 d6 6. e4 Bg4 7. Be2 Nd7 8. O-O h5 9. Ne1 Ne5 10. f4 Nxc4 11. Qa4+ Kf8 12. Bxc4 Bd4+ 13. Kh1 h4 14. h3 Bh5 15. Nf3 Bf6 16. Qb3 Qc7 17. Bd2 Bxf3 18. Rxf3 Bd4 19. Nb5 Qd7 20. Nxd4 cxd4 21. e5 Nh6 22. e6 fxe6 23. dxe6 Qe8 24. f5 Nxf5 25. Bd3 Rh5 26. Raf1 Kg8 27. Bxf5 gxf5 28. Rxf5 Qg6 29. Qd3 Rxf5 30. Rxf5 Qxe6 31. Rg5+ Kf8 32. Qh7 1-0

[Event "Hart House Reading Week op U2200"]
[Site "Toronto CAN"]
[Date "2012.02.19"]
[Round "3"]
[White "Vasquez, Jose Luis"]
[Black "Armstrong, Robert J"]
[Result "1-0"]
[WhiteElo "1883"]
[BlackElo "1649"]
[PlyCount "93"]
[GameId "2160767909576305"]
[EventDate "2012.02.18"]
[EventType "swiss"]
[EventRounds "6"]
[EventCountry "CAN"]

1. d4 g6 2. e4 Bg7 3. Nf3 c5 4. d5 Qb6 5. c3 d6 6. Na3 Nd7 7. Be2 Qc7 8. Nc2 Ne5 9. Nxe5 Bxe5 10. f4 Bg7 11. O-O h5 12. h3 a6 13. Ne3 Nh6 14. a4 Rb8 15. a5 Bd7 16. Nc4 Bb5 17. Nb6 Bxe2 18. Qxe2 Rd8 19. Rf3 Bf6 20. Bd2 e6 21. Raf1 Qe7 22. e5 Bg7 23. dxe6 Qxe6 24. Qf2 dxe5 25. fxe5 Nf5 26. Bg5 Rd5 27. Nxd5 Qxd5 28. Rxf5 gxf5 29. Qxf5 O-O 30. Bf6 Bxf6 31. Qxf6 Qe6 32. Qxe6 fxe6 33. Rxf8+ Kxf8 34. Kf2 Kg7 35. Ke3 Kh6 36. b4 cxb4 37. cxb4 Kg5 38. Ke4 h4 39. Kf3 Kf5 40. g3 hxg3 41. Kxg3 Kxe5 42. Kf3 Kd4 43. h4 e5 44. Ke2 Ke4 45. h5 Kf5 46. Ke3 Kg5 47. Ke4 1-0

[Event "Hart House Reading Week op U2200"]
[Site "Toronto CAN"]
[Date "2012.02.19"]
[Round "4"]
[White "Armstrong, Robert J"]
[Black "Finlay, Ian"]
[Result "0-1"]
[WhiteElo "1649"]
[BlackElo "1894"]
[PlyCount "76"]
[GameId "2160767909576306"]
[EventDate "2012.02.18"]
[EventType "swiss"]
[EventRounds "6"]
[EventCountry "CAN"]

1. g3 f5 2. Bg2 Nf6 3. c4 d6 4. Qb3 c6 5. Nc3 e5 6. d3 Nbd7 7. h3 Be7 8. Be3 Qc7 9. d4 O-O 10. O-O-O Kh8 11. dxe5 dxe5 12. c5 Nxc5 13. Qc2 Na6 14. a3 Be6 15. Nf3 Nd5 16. Bg5 Bc5 17. e4 Nxc3 18. Qxc3 Bd6 19. exf5 Bxf5 20. Rhe1 Rae8 21. g4 Bg6 22. Be3 Be4 23. Bxa7 Bd5 24. Qe3 e4 25. Nd2 Bf4 26. Qd4 Bb3 27. Bb6 Qf7 28. Rxe4 Rxe4 29. Bxe4 Bxd1 30. Kxd1 Bxd2 31. Qxd2 Qb3+ 32. Ke1 Qxb6 33. Kf1 Qd8 34. Qc2 Qh4 35. Kg2 Nc7 36. Bf5 Nd5 37. Qe4 g6 38. Qd4+ Qf6 0-1

[Event "Hart House Reading Week op U2200"]
[Site "Toronto CAN"]
[Date "2012.02.20"]
[Round "5"]
[White "Armstrong, Robert J"]
[Black "Zotkin, Daniel"]
[Result "0-1"]
[WhiteElo "1649"]
[BlackElo "1783"]
[PlyCount "60"]
[GameId "2160767909576307"]
[EventDate "2012.02.18"]
[EventType "swiss"]
[EventRounds "6"]
[EventCountry "CAN"]

1. g3 d5 2. Bg2 Nf6 3. c4 e6 4. Qb3 c6 5. Nc3 Bd6 6. d3 O-O 7. h4 h6 8. Bd2 b6 9. Bf3 Nbd7 10. d4 Ba6 11. cxd5 cxd5 12. g4 Nh7 13. e4 Bc4 14. Qc2 e5 15. Nxd5 Bxd5 16. exd5 exd4 17. g5 Re8+ 18. Kf1 Rc8 19. Qb1 Nc5 20. gxh6 g6 21. Nh3 Qf6 22. Bh5 Ne4 23. Bg5 Nhxg5 24. hxg5 Qe5 25. Qd1 gxh5 26. Qxh5 Nd2+ 27. Kg1 Qxd5 28. h7+ Kh8 29. Qh6 Re6 30. g6 Rxg6+ 0-1

[Event "Hart House Reading Week op U2200"]
[Site "Toronto CAN"]
[Date "2012.02.20"]
[Round "5"]
[White "Evans, Bill"]
[Black "Song, Michael"]
[Result "0-1"]
[WhiteElo "2020"]
[BlackElo "2184"]
[PlyCount "110"]
[GameId "2160767909576308"]
[EventDate "2012.02.18"]
[EventType "swiss"]
[EventRounds "6"]
[EventCountry "CAN"]

1. d4 Nf6 2. c4 d6 3. Nf3 Bg4 4. Nc3 c6 5. e3 Nbd7 6. Be2 e6 7. h3 Bh5 8. g4 Bg6 9. Nd2 d5 10. cxd5 exd5 11. g5 Ne4 12. Ndxe4 dxe4 13. h4 h6 14. h5 hxg5 15. Rg1 Bh7 16. Qb3 Nb6 17. a4 f5 18. a5 Bg8 19. Qc2 Nd5 20. a6 b6 21. Bd2 Nxc3 22. bxc3 g4 23. Bxg4 fxg4 24. Qxe4+ Kd7 25. Qxg4+ Be6 26. Qe2 Qh4 27. c4 Qxh5 28. Qd3 Qf3 29. d5 cxd5 30. Bc3 Rh1 31. Rxh1 Qxh1+ 32. Kd2 Qe4 33. cxd5 Qxd3+ 34. Kxd3 Bxd5 35. Rg1 Bc6 36. Kc4 Bf3 37. Bxg7 Be2+ 38. Kd5 Bxa6 39. Bxf8 Bb7+ 40. Kd4 Rxf8 41. Rg7+ Kc8 42. f4 Rd8+ 43. Ke5 a5 44. f5 Bd5 45. e4 Bb3 46. Kf6 a4 47. e5 Rd7 48. Rg3 Rf7+ 49. Kg6 Ra7 50. e6 Bd5 51. Kf6 a3 52. Rc3+ Kd8 53. Rd3 a2 54. Rxd5+ Ke8 55. e7 a1=Q+ 0-1

[Event "Hart House Reading Week op U2200"]
[Site "Toronto CAN"]
[Date "2012.02.20"]
[Round "6"]
[White "Kurkowski, Ken"]
[Black "Armstrong, Robert J"]
[Result "0-1"]
[WhiteElo "1574"]
[BlackElo "1649"]
[PlyCount "101"]
[GameId "2160767909576309"]
[EventDate "2012.02.18"]
[EventType "swiss"]
[EventRounds "6"]
[EventCountry "CAN"]

1. d4 g6 2. e4 Bg7 3. Nf3 c5 4. Nc3 Qb6 5. dxc5 Qxc5 6. Bd2 Qb6 7. Rb1 Nc6 8. Be2 d6 9. O-O h5 10. Nd5 Qd8 11. Bc3 Bxc3 12. Nxc3 Bg4 13. Re1 Nh6 14. Qd2 Qd7 15. Rbd1 Bxf3 16. Bxf3 Ne5 17. Qe2 O-O-O 18. Nd5 Kb8 19. c4 Qe6 20. b4 Nxf3+ 21. Qxf3 Ng4 22. h3 Ne5 23. Qc3 h4 24. c5 Rc8 25. f4 Nc6 26. b5 Na5 27. Qxa5 Rxc5 28. Rc1 Rhc8 29. Rxc5 dxc5 30. Re3 b6 31. Qa6 Rd8 32. Ra3 Rd7 33. Qa4 f5 34. Nc3 c4 35. Nd5 Qxe4 36. Nb4 Qd4+ 37. Kh2 Qxf4+ 38. Kg1 Qd4+ 39. Kh1 Qf2 40. Nc6+ Kc7 41. Qxa7+ Kd6 42. Qb8+ Ke6 43. Qe5+ Kf7 44. Qa1 Rd2 45. Qg1 Qf4 46. Qe1 Qd6 47. Qe3 Qd5 48. Qxe7+ Kg8 49. Ra8+ Qd8 50. Rxd8+ Rxd8 51. Nxd8 0-1

[Event "Juste pour jouer"]
[Site "Montreal CAN"]
[Date "2012.10.05"]
[Round "1.17"]
[White "Zhou, Jiehan"]
[Black "Turcotte, Jonathan"]
[Result "0-1"]
[WhiteElo "1423"]
[BlackElo "1907"]
[PlyCount "94"]
[GameId "2160767909444836"]
[EventDate "2012.10.05"]
[EventType "swiss"]
[EventRounds "7"]
[EventCountry "CAN"]
[SourceTitle "EXT 2022"]
[Source "ChessBase"]
[SourceDate "2021.10.06"]
[SourceVersion "1"]
[SourceVersionDate "2021.10.06"]
[SourceQuality "1"]

1. e4 c6 2. d4 d5 3. exd5 cxd5 4. Bd3 Nc6 5. Ne2 Bg4 6. f3 Bh5 7. c3 Bg6 8. Bb5 e6 9. O-O Nf6 10. c4 Bd6 11. Bf4 Bxf4 12. Nxf4 dxc4 13. Nxg6 hxg6 14. Na3 Rc8 15. Rf2 O-O 16. Rd2 Na5 17. Rc1 Nd5 18. Nxc4 a6 19. Nxa5 Qxa5 20. Bd3 Rxc1 21. Qxc1 Qxa2 22. Be4 Qa5 23. Rc2 Rd8 24. h3 f5 25. Rc5 Qb4 26. Rc4 Qd6 27. Bb1 Nb6 28. Rc2 Qxd4+ 29. Rf2 Qd1+ 30. Qxd1 Rxd1+ 31. Rf1 Rxf1+ 32. Kxf1 g5 33. Kf2 Kf7 34. b3 Nd5 35. Bd3 Kf6 36. Ke1 Ke5 37. Kd2 Kd4 38. Be2 e5 39. Bc4 b5 40. Bd3 e4 41. fxe4 fxe4 42. Be2 Nf4 43. Bg4 Nxg2 44. b4 e3+ 45. Kd1 Nf4 46. Bc8 Kd3 47. Bb7 e2+ 0-1

[Event "Juste pour jouer"]
[Site "Montreal CAN"]
[Date "2012.10.05"]
[Round "1.18"]
[White "Lalonde, Paul"]
[Black "Spaulding, Derrick"]
[Result "1-0"]
[WhiteElo "1888"]
[BlackElo "1396"]
[PlyCount "49"]
[GameId "2160767909444837"]
[EventDate "2012.10.05"]
[EventType "swiss"]
[EventRounds "7"]
[EventCountry "CAN"]
[SourceTitle "EXT 2022"]
[Source "ChessBase"]
[SourceDate "2021.10.06"]
[SourceVersion "1"]
[SourceVersionDate "2021.10.06"]
[SourceQuality "1"]

1. e4 d6 2. d4 Nf6 3. Nc3 c6 4. Bd3 e5 5. Nf3 Bg4 6. Be3 Be7 7. h3 Bxf3 8. Qxf3 Nbd7 9. Qg3 exd4 10. Bxd4 O-O 11. O-O-O b5 12. e5 dxe5 13. Bxe5 Qb6 14. Bxh7+ Kxh7 15. Rxd7 Rfe8 16. Ne4 c5 17. Qh4+ Kg8 18. Ng5 Qe6 19. Bxf6 Qf5 20. Bxe7 f6 21. Bxf6 gxf6 22. Nh7 Re6 23. Qh6 Re1+ 24. Rxe1 Qxd7 25. Nxf6+ 1-0

[Event "Juste pour jouer"]
[Site "Montreal CAN"]
[Date "2012.10.05"]
[Round "1.19"]
[White "Bureau, Robert"]
[Black "Perna-Fraser, David"]
[Result "0-1"]
[WhiteElo "1357"]
[BlackElo "1887"]
[PlyCount "80"]
[GameId "2160767909444838"]
[EventDate "2012.10.05"]
[EventType "swiss"]
[EventRounds "7"]
[EventCountry "CAN"]
[SourceTitle "EXT 2022"]
[Source "ChessBase"]
[SourceDate "2021.10.06"]
[SourceVersion "1"]
[SourceVersionDate "2021.10.06"]
[SourceQuality "1"]

1. e4 e5 2. Nf3 Nf6 3. d4 Nxe4 4. Bd3 d5 5. Nxe5 Bd6 6. O-O O-O 7. c4 c6 8. Re1 Bb4 9. Nd2 Bf5 10. Re3 f6 11. Nef3 Re8 12. Qb3 Nxd2 13. Bxd2 Rxe3 14. Bxe3 Bxd3 15. Qxd3 Na6 16. a3 Be7 17. Qb3 Qd7 18. cxd5 cxd5 19. Rc1 b6 20. Qc3 Rd8 21. b4 Bd6 22. b5 Qxb5 23. Nd2 Nc7 24. Rb1 Qa4 25. Qb3 Qxa3 26. Qxa3 Bxa3 27. Ra1 Nb5 28. Kf1 Rc8 29. Nf3 Rc2 30. Ne1 Rc4 31. Nd3 Bd6 32. Nb2 Rc7 33. Rb1 Nc3 34. Ra1 a5 35. Ke1 g5 36. h3 Kf7 37. f3 Ra7 38. Rc1 Bb4 39. Bd2 Re7+ 40. Kf2 Re2+ 0-1

[Event "Juste pour jouer"]
[Site "Montreal CAN"]
[Date "2012.10.05"]
[Round "1.20"]
[White "Morin, Louis"]
[Black "Zhang, Hou Han"]
[Result "1-0"]
[WhiteElo "1868"]
[BlackElo "1355"]
[PlyCount "63"]
[GameId "2160767909444839"]
[EventDate "2012.10.05"]
[EventType "swiss"]
[EventRounds "7"]
[EventCountry "CAN"]
[SourceTitle "EXT 2022"]
[Source "ChessBase"]
[SourceDate "2021.10.06"]
[SourceVersion "1"]
[SourceVersionDate "2021.10.06"]
[SourceQuality "1"]

1. e4 c5 2. d4 cxd4 3. c3 d3 4. c4 d6 5. Nc3 Nf6 6. Bxd3 g6 7. Nge2 Bg7 8. Bf4 O-O 9. Qd2 Re8 10. O-O-O Nc6 11. Bh6 Bh8 12. f3 Bd7 13. h4 Ne5 14. c5 dxc5 15. Bb1 Bc6 16. Qg5 Qc7 17. h5 Bg7 18. hxg6 fxg6 19. Bxg7 Kxg7 20. f4 Nf7 21. Qxc5 Rac8 22. e5 Ne4 23. Qxa7 Nxc3 24. bxc3 Bxg2 25. e6 Nd6 26. Qd4+ Kg8 27. Bxg6 Bxh1 28. Bxh7+ Kxh7 29. Rxh1+ Kg6 30. Rg1+ Kh5 31. Rg5+ Kh4 32. Qf2+ 1-0

[Event "Juste pour jouer"]
[Site "Montreal CAN"]
[Date "2012.10.05"]
[Round "1.21"]
[White "Utepova, Alika"]
[Black "Alcantara, Maximo"]
[Result "1/2-1/2"]
[WhiteElo "1351"]
[BlackElo "1866"]
[PlyCount "65"]
[GameId "2160767909444840"]
[EventDate "2012.10.05"]
[EventType "swiss"]
[EventRounds "7"]
[EventCountry "CAN"]

1. e4 Nf6 2. e5 Nd5 3. c4 Nb6 4. Nf3 d6 5. Nc3 Bg4 6. exd6 exd6 7. d4 Qe7+ 8. Be3 Nc6 9. Be2 O-O-O 10. O-O g6 11. b3 Bg7 12. Qd2 h5 13. Nd5 Qe4 14. Bg5 Nxd4 15. Rae1 Bxf3 16. Bxf3 Qxf3 17. Bxd8 Kxd8 18. Qxd4 Qxg2+ 19. Kxg2 Bxd4 20. Nf4 Nd7 21. Re4 Be5 22. Rfe1 f5 23. Ne6+ Ke7 24. Rxe5 dxe5 25. Nxc7 Rc8 26. Nd5+ Ke6 27. f3 Nc5 28. Re3 g5 29. f4 Ne4 30. fxg5 Nxg5 31. Nf4+ Kf6 32. Nd5+ Ke6 33. Nf4+ 1/2-1/2

[Event "Juste pour jouer"]
[Site "Montreal CAN"]
[Date "2012.10.05"]
[Round "1.22"]
[White "Lalumiere, Claude"]
[Black "Ouellet, Maili-Jade"]
[Result "1-0"]
[WhiteElo "1788"]
[BlackElo "1335"]
[PlyCount "83"]
[GameId "2160767909444841"]
[EventDate "2012.10.05"]
[EventType "swiss"]
[EventRounds "7"]
[EventCountry "CAN"]
[SourceTitle "EXT 2022"]
[Source "ChessBase"]
[SourceDate "2021.10.06"]
[SourceVersion "1"]
[SourceVersionDate "2021.10.06"]
[SourceQuality "1"]

1. e4 c5 2. Nf3 Nc6 3. d4 cxd4 4. Nxd4 e6 5. Nc3 a6 6. Be2 Bb4 7. O-O Nf6 8. Be3 Bxc3 9. bxc3 Nxe4 10. Bd3 Nxc3 11. Qg4 Ne7 12. Qxg7 Rg8 13. Qxh7 Ncd5 14. Bd2 b6 15. c4 Nf6 16. Qh4 Bb7 17. f3 Ng6 18. Bxg6 Rxg6 19. Bg5 Rc8 20. Rfe1 Rc5 21. f4 d5 22. f5 dxc4 23. fxg6 Qd5 24. gxf7+ Kxf7 25. Nf3 Qf5 26. Bxf6 Qxf6 27. Qh7+ Qg7 28. Qxg7+ Kxg7 29. Rxe6 b5 30. Re7+ Kf6 31. Rxb7 Kf5 32. Re1 Rc6 33. Nd4+ Kf4 34. Nxc6 c3 35. Rf7+ Kg5 36. Nd4 Kg6 37. Rf3 b4 38. Re8 Kg7 39. Re4 Kg6 40. Rg4+ Kh5 41. Rg8 c2 42. Rh3# 1-0

[Event "Juste pour jouer"]
[Site "Montreal CAN"]
[Date "2012.10.05"]
[Round "1.23"]
[White "Vera, Jesus"]
[Black "Leung, Chin"]
[Result "0-1"]
[WhiteElo "1332"]
[BlackElo "1767"]
[PlyCount "78"]
[GameId "2160767909444842"]
[EventDate "2012.10.05"]
[EventType "swiss"]
[EventRounds "7"]
[EventCountry "CAN"]
[SourceTitle "EXT 2022"]
[Source "ChessBase"]
[SourceDate "2021.10.06"]
[SourceVersion "1"]
[SourceVersionDate "2021.10.06"]
[SourceQuality "1"]

1. c4 Nf6 2. Nc3 g6 3. d4 Bg7 4. e4 d6 5. Bd3 O-O 6. f3 Nc6 7. Nge2 a6 8. a3 Rb8 9. Be3 e6 10. Qd2 d5 11. cxd5 exd5 12. e5 Nd7 13. Nxd5 Ndxe5 14. Ndc3 Nxd3+ 15. Qxd3 Bf5 16. Qd2 Na5 17. Bh6 Nb3 18. Qd1 Nxa1 19. Bxg7 Nc2+ 20. Kf2 Kxg7 21. g4 Qh4+ 22. Ng3 Ne3 23. Kxe3 Rbe8+ 24. Nce4 Bxe4 25. Nxe4 f5 26. gxf5 gxf5 27. d5 fxe4 28. Qd4+ Qf6 29. Rg1+ Kf7 30. fxe4 Qxd4+ 31. Kxd4 Re7 32. e5 Rfe8 33. e6+ Kf6 34. Rf1+ Kg7 35. Ke5 c6 36. Rg1+ Kh8 37. Re1 cxd5 38. Kxd5 Rd8+ 39. Ke5 Rxe6+ 0-1

[Event "Juste pour jouer"]
[Site "Montreal CAN"]
[Date "2012.10.05"]
[Round "1.24"]
[White "Amesse, Louis-Philippe"]
[Black "Kay, Sang Kill"]
[Result "1-0"]
[WhiteElo "1741"]
[BlackElo "1302"]
[PlyCount "83"]
[GameId "2160767909444843"]
[EventDate "2012.10.05"]
[EventType "swiss"]
[EventRounds "7"]
[EventCountry "CAN"]
[SourceTitle "EXT 2022"]
[Source "ChessBase"]
[SourceDate "2021.10.06"]
[SourceVersion "1"]
[SourceVersionDate "2021.10.06"]
[SourceQuality "1"]

1. e4 b6 2. d4 Bb7 3. Nc3 e6 4. a3 g6 5. f4 Bg7 6. Nf3 Ne7 7. Bd3 d6 8. O-O Nd7 9. Ne2 a6 10. c3 h6 11. Qc2 O-O 12. Ng3 c5 13. Be3 Bc8 14. f5 g5 15. Nh5 e5 16. dxc5 bxc5 17. Bc4 Nf6 18. Nxf6+ Bxf6 19. Rad1 Bb7 20. h4 Nc8 21. hxg5 hxg5 22. Nh2 Kg7 23. Ng4 Rh8 24. Ba2 Qe7 25. Bf2 Na7 26. Ne3 Rh6 27. Bd5 Rah8 28. Bg3 Nb5 29. Bxb7 Qxb7 30. a4 c4 31. axb5 Qxb5 32. Kf2 Qc5 33. Ke2 Bd8 34. Rd5 Qc6 35. f6+ Bxf6 36. Nf5+ Kg6 37. Rxd6 Qe8 38. Nxh6 Kxh6 39. Rdxf6+ Kg7 40. Qd2 Rh5 41. Qd5 g4 42. Rxf7+ 1-0